000 00568nam a22002057a 4500
999 _c389
_d389
003 OSt
005 20230206154701.0
008 140910b xxu||||| |||| 00| 0 eng d
020 _a‎ 978-0333949177
040 _cDDC
082 _a620.11 JOH 2003
100 _aVernon, John
_91019
245 _aIntroduction to Engineering Materials
250 _a4th ed.
260 _aNew York;
_bPalgrave Macmillan,
_c2003.
300 _axvi, 640 p. :
_bill;
_c28 cm
504 _aIncludes bibliographical references and Index
650 _aEngineering
_9373
942 _2z
_cB_BANK